Procesos de interacción social de un estudiante con trastorno de espectro autista de la Institución Técnica Turística Simón Bolívar del municipio de Puerto Colombia en el primer periodo de 2022 (Registro nro. 622)

Detalles MARC
000 -LEADER
fixed length control field 02508nam a2200277Ia 4500
003 - CONTROL NUMBER IDENTIFIER
control field CO-CtgCURN
005 - DATE AND TIME OF LATEST TRANSACTION
control field 20250719142305.0
008 - FIXED-LENGTH DATA ELEMENTS--GENERAL INFORMATION
fixed length control field 230420s2022 xx 000 0 und d
040 ## - CATALOGING SOURCE
Original cataloging agency CO-CtgCURN
Language of cataloging spa
Transcribing agency coctgcurn
082 ## - DEWEY DECIMAL CLASSIFICATION NUMBER
Classification number TSO 2022
Item number C112p
100 ## - MAIN ENTRY--PERSONAL NAME
Personal name Caballero Soraca, Keyna Juneth
Relator term autora
9 (RLIN) 7031
245 #0 - TITLE STATEMENT
Title Procesos de interacción social de un estudiante con trastorno de espectro autista de la Institución Técnica Turística Simón Bolívar del municipio de Puerto Colombia en el primer periodo de 2022
Medium [electronic resource] /
Statement of responsibility, etc. Keyna Juneth Caballero Soraca; Adriana Carolina Ruiz Bailarín; asesor., Rosario Joaquín Reales Vega
260 ## - PUBLICATION, DISTRIBUTION, ETC.
Place of publication, distribution, etc. Barranquilla, Atlántico :
Name of publisher, distributor, etc. Corporación Universitaria Rafael Núñez,
Date of publication, distribution, etc. 2022
300 ## - PHYSICAL DESCRIPTION
Extent 1 recurso en línea (71 páginas (PDF)) :
Other physical details tablas
502 ## - DISSERTATION NOTE
Dissertation note Trabajo de Grado (Trabajadora Social). Corporación Universitaria Rafael Núñez. Facultad de Ciencias Sociales y Humanas. Programa de Trabajo Social, 2022
504 ## - BIBLIOGRAPHY, ETC. NOTE
Bibliography, etc. note Incluye referencias bibliográficas
520 ## - SUMMARY, ETC.
Summary, etc. El Trabajo Social es una profesión comprometida con la sociedad, con la justicia social, además de facilitar alternativas para apoyar, acompañar y orientar a los individuos en la movilización de recursos, en el desarrollo de capacidades y habilidades que les permita comprender y hacer cumplir los derechos de las personas vulnerables, discriminadas. Esta investigación permite identificar los procesos de interacción social de estudiantes con trastorno de espectro autista, quienes presentan unas necesidades particulares debido al arduo proceso que enfrentan antes, durante, y después de un diagnóstico de autismo. Según la Organización Mundial de la Salud (OMS), uno de cada 160 niños tiene autismo, más sin embargo en Colombia no existen estadísticas oficiales que evidencian cuántas personas en el país la padecen, aunque se calculan que son 115.000 casos en el territorio nacional.
521 ## - TARGET AUDIENCE NOTE
Target audience note AREA PROFESIONAL
590 ## - LOCAL NOTE (RLIN)
Local note Programa de Trabajo Social_26
650 ## - SUBJECT ADDED ENTRY--TOPICAL TERM
Topical term or geographic name entry element Trabajo Social
Form subdivision Tesis y disertaciones académicas
9 (RLIN) 7032
700 ## - ADDED ENTRY--PERSONAL NAME
Personal name Reales Vega, Rosario Joaquín
Relator term asesor
9 (RLIN) 7033
700 ## - ADDED ENTRY--PERSONAL NAME
Personal name Ruiz Bailarín, Adriana Carolina
Relator term autora
9 (RLIN) 7034
856 ## - ELECTRONIC LOCATION AND ACCESS
Uniform Resource Identifier <a href="https://unicurn.sharepoint.com/:b:/s/biblioteca/ERwEP8oy_19Gk_-FSWvcNDoBksCRzcXeEJp86-X-p5Vsgg?e=1Dd2sh">https://unicurn.sharepoint.com/:b:/s/biblioteca/ERwEP8oy_19Gk_-FSWvcNDoBksCRzcXeEJp86-X-p5Vsgg?e=1Dd2sh</a>
Link text Consulte aquí el texto completo
942 ## - ADDED ENTRY ELEMENTS (KOHA)
Koha item type Trabajos de grado
Classification part TSO 2022
Item part C112p
Source of classification or shelving scheme Dewey Decimal Classification
Suppress in OPAC No
Existencias
Withdrawn status Lost status Source of classification or shelving scheme Damaged status Not for loan Collection Home library Current library Shelving location Date acquired Inventory number Total checkouts Full call number Barcode Date last seen Copy number Price effective from Koha item type
    Dewey Decimal Classification     Trabajos de grado Miguel Henríquez Castañeda Barranquilla Miguel Henríquez Castañeda Barranquilla Trabajo de grado 12/05/2022 05240   TSO 2022 C112p 05240 04/20/2023 ej.1 04/20/2023 Trabajos de grado